A vonószem útja – Ellátásilánc-menedzsment az Angstrom Truforge Kft.-nél

Bibliográfiai részletek
Szerző: Barta Csenge Bernadett
További közreműködők: Kozma Dr. Tímea
Dokumentumtípus: Diplomadolgozat
Kulcsszavak:autóipar
beszállító(k)
beszállítófejlesztés
ellátási lánc - ellátó hálózat
készletgazdálkodás
logisztika
nagyvállalatok esettanulmányok
versenyképesség
Online Access:http://dolgozattar.uni-bge.hu/59875

MARC

LEADER 00000nta a2200000 i 4500
001 dolg59875
005 20260409145702.0
008 260409suuuu hu om 000 hun d
040 |a BGE Dolgozattár Repozitórium  |b hun 
041 |a hu 
100 1 |a Barta Csenge Bernadett 
245 1 2 |a A vonószem útja – Ellátásilánc-menedzsment az Angstrom Truforge Kft.-nél  |c Barta Csenge Bernadett  |h [elektronikus dokumentum] 
520 3 |a A diplomadolgozat célja az Angstrom Truforge Kft. által gyártott autóipari kovácsolt termék – a vonószem – ellátási láncának átfogó vizsgálata. A kutatás fókuszában az anyagáramlás, a készletezési és logisztikai folyamatok, valamint a beszállítói kapcsolatok állnak. A dolgozat kvalitatív kutatáson alapul, amely öt félig strukturált interjúból, vállalati dokumentumelemzésből és külső megfigyelésből építkezik. A vizsgálat során négy kutatási kérdésre kerestem választ, amelyek a biztonsági készletek, a beszállítók versenyeztetése, a beszállítói teljesítmény és a készletezési stratégia rugalmassága köré szerveződtek. A szakirodalmi háttér bemutatása mellett a dolgozat iparági elemzést, PESTEL és SWOT elemzést, valamint gyakorlati fejlesztési javaslatokat is tartalmaz. Az eredmények rámutatnak arra, hogy az ellátási lánc optimalizálása jelentős hatással lehet a költséghatékonyságra, a versenyképességre és a fenntarthatóságra. A dolgozat célja, hogy hozzájáruljon a vizsgált vállalat és az autóipari beszállítói hálózat ellátásilánc-menedzsment gyakorlatának fejlesztéséhez. 
695 |a autóipar 
695 |a beszállító(k) 
695 |a beszállítófejlesztés 
695 |a ellátási lánc - ellátó hálózat 
695 |a készletgazdálkodás 
695 |a logisztika 
695 |a nagyvállalatok esettanulmányok 
695 |a versenyképesség 
700 1 |a Kozma Dr. Tímea  |e ths 
856 4 0 |u http://dolgozattar.uni-bge.hu/59875/1/BartaCsengeBernadettDiplomadolgozatGP1ZR2.pdf  |z Dokumentum-elérés 
856 4 0 |u http://dolgozattar.uni-bge.hu/59875/2/Titkosi%CC%81tasi%20kerelem_BartaCsengeBernadett_GP1ZR2.pdf  |z Dokumentum-elérés 
856 4 0 |u http://dolgozattar.uni-bge.hu/59875/3/MA%20ELM%20b%C3%ADr%C3%A1lati%20lap%20BartaCsenge.pdf  |z Dokumentum-elérés 
856 4 0 |u http://dolgozattar.uni-bge.hu/59875/4/MA%20ELM%20%20Barta%20Csenge%20b%C3%ADr%C3%A1lati%20lap%20K%C3%9CLS%C5%90_P%C3%B3nuszM2025T.pdf  |z Dokumentum-elérés